Zum Einfluß von Schichtarbeit auf somatoforme Störungen

Saved in:  
Bibliographic Details
Main Author: Müller, N. (Author)
Format: Print Article
Language:German
Published: 1992
In: Der Nervenarzt
Year: 1992, Volume: 63, Issue: 1, Pages: 46-49
Check availability: HBZ Gateway
Keywords:

MARC

LEADER 00000caa a22000002c 4500
001 164007371X
003 DE-627
005 20220608131034.0
007 tu
008 160223s1992 xx ||||| 00| ||ger c
035 |a (DE-627)164007371X 
035 |a (DE-576)456046291 
035 |a (DE-599)BSZ456046291 
040 |a DE-627  |b ger  |c DE-627  |e rakwb 
041 |a ger 
100 1 |a Müller, N.  |4 aut 
245 1 0 |a Zum Einfluß von Schichtarbeit auf somatoforme Störungen  |c N. Müller 
264 1 |c 1992 
336 |a Text  |b txt  |2 rdacontent 
337 |a ohne Hilfsmittel zu benutzen  |b n  |2 rdamedia 
338 |a Band  |b nc  |2 rdacarrier 
773 0 8 |i In  |t Der Nervenarzt  |d Berlin : Springer Medizin Verlag GmbH, 1928  |g 63(1992), 1, Seite 46-49  |w (DE-627)129301876  |w (DE-600)123291-5  |w (DE-576)014495171  |x 0028-2804  |7 nnas 
773 1 8 |g volume:63  |g year:1992  |g number:1  |g pages:46-49 
935 |a mkri 
951 |a AR 
ELC |b 1 
LOK |0 000 xxxxxcx a22 zn 4500 
LOK |0 001 3301363857 
LOK |0 003 DE-627 
LOK |0 004 164007371X 
LOK |0 005 20160223101110 
LOK |0 008 160208||||||||||||||||ger||||||| 
LOK |0 040   |a DE-21-110  |c DE-627  |d DE-21-110 
LOK |0 689   |a s  |a Psychische Krankheit 
LOK |0 689   |a s  |a Schichtarbeit 
LOK |0 852   |z Kein Bestand am IfK; Nachweis für KrimDok 
LOK |0 852   |a DE-21-110 
LOK |0 852 1  |m v  |9 00 
LOK |0 935   |a k110 
LOK |0 938   |k v 
LOK |0 939   |a 08-02-16  |b l01 
ORI |a SA-MARC-krimdoka001.raw